Design and development of a real time decentralized water distribution network monitoring system (Record no. 13244)

000 -LEADER
fixed length control field 00596nam a22001817a 4500
003 - CONTROL NUMBER IDENTIFIER
control field NUST
038 ## - RECORD CONTENT LICENSOR
Staff Name M Shaban
082 ## - DEWEY DECIMAL CLASSIFICATION NUMBER
Classification number BE-EE-3
100 ## - MAIN ENTRY--PERSONAL NAME
Personal name Muhammad Ahtesham Naeem
9 (RLIN) 92130
245 ## - TITLE STATEMENT
Title Design and development of a real time decentralized water distribution network monitoring system
260 ## - PUBLICATION, DISTRIBUTION, ETC.
Place of publication, distribution, etc. Islamabad
Name of publisher, distributor, etc. NUST-SEECS
Date of publication, distribution, etc. 2015
300 ## - PHYSICAL DESCRIPTION
Extent 54
Accompanying material CD Include
500 ## - GENERAL NOTE
General note Supervisors:Dr. Shahzad Younis, Dr. Imran Hashmi
700 ## - ADDED ENTRY--PERSONAL NAME
Personal name Fasih ur Rehman
9 (RLIN) 36018
700 ## - ADDED ENTRY--PERSONAL NAME
Personal name Muhammad Hammad Dar
9 (RLIN) 92131
856 ## - ELECTRONIC LOCATION AND ACCESS
Uniform Resource Identifier <a href="http://10.250.8.41:8080/xmlui/handle/123456789/10007">http://10.250.8.41:8080/xmlui/handle/123456789/10007</a>
942 ## - ADDED ENTRY ELEMENTS (KOHA)
Koha item type Project Report
Source of classification or shelving scheme
Holdings
Withdrawn status Lost status Source of classification or shelving scheme Damaged status Not for loan Permanent Location Current Location Shelving location Date acquired Full call number Barcode Date last seen Price effective from Koha item type
WITHDRAWN         Central Library (CL) Central Library (CL) General Stacks 07/07/2015 BE-EE-3 AHT SEECSP01648 07/05/2015 07/05/2015 Project Report
© 2023 Central Library, National University of Sciences and Technology. All Rights Reserved.